First lessons in strategic financial management Ed 3 (Record no. 167207)
[ view plain ]
| 000 -LEADER | |
|---|---|
| fixed length control field | 00716nam a2200241Ia 4500 |
| 003 - CONTROL NUMBER IDENTIFIER | |
| control field | OSt |
| 005 - DATE AND TIME OF LATEST TRANSACTION | |
| control field | 20230622153205.0 |
| 008 - FIXED-LENGTH DATA ELEMENTS--GENERAL INFORMATION | |
| fixed length control field | 210423s2015 xx 000 0 und d |
| 020 ## - INTERNATIONAL STANDARD BOOK NUMBER | |
| International Standard Book Number | 978-93-5039-132-7 |
| 040 ## - CATALOGING SOURCE | |
| Transcribing agency | AL |
| 041 ## - LANGUAGE CODE | |
| Language code of text/sound track or separate title | eng |
| 082 ## - DEWEY DECIMAL CLASSIFICATION NUMBER | |
| Classification number | 658.15 |
| Edition number | 23 |
| Item number | RAMF |
| 100 ## - MAIN ENTRY--PERSONAL NAME | |
| Personal name | RAM (V Pattabhi);BALA (S D) |
| 9 (RLIN) | 112332 |
| 245 ## - TITLE STATEMENT | |
| Title | First lessons in strategic financial management Ed 3 |
| 250 ## - EDITION STATEMENT | |
| Edition statement | 3 |
| 260 ## - PUBLICATION, DISTRIBUTION, ETC. | |
| Place of publication, distribution, etc. | Mumbai |
| Name of publisher, distributor, etc. | Snow White Publications Pvt Ltd |
| Date of publication, distribution, etc. | 2015 |
| 300 ## - PHYSICAL DESCRIPTION | |
| Extent | xv,972,F24 |
| Other physical details | PB |
| 365 ## - TRADE PRICE | |
| Price amount | 925 |
| Currency code | INR |
| 650 ## - SUBJECT ADDED ENTRY--TOPICAL TERM | |
| Topical term or geographic name entry element | Financial Management |
| 9 (RLIN) | 112333 |
| 650 ## - SUBJECT ADDED ENTRY--TOPICAL TERM | |
| Topical term or geographic name entry element | Management & Auxiliary Services 650 |
| 9 (RLIN) | 112334 |
| 906 ## - LOCAL DATA ELEMENT F, LDF (RLIN) | |
| a | financial ; First ; lesson ; management ; strategic |
| 942 ## - ADDED ENTRY ELEMENTS (KOHA) | |
| Source of classification or shelving scheme | Dewey Decimal Classification |
| Koha item type | Book |
| Withdrawn status | Lost status | Damaged status | Not for loan | Collection code | Home library | Current library | Date acquired | Source of acquisition | Cost, normal purchase price | Total Checkouts | Full call number | Barcode | Date last seen | Price effective from | Koha item type |
|---|---|---|---|---|---|---|---|---|---|---|---|---|---|---|---|
| M Com | St Aloysius PG Library | St Aloysius PG Library | 10/08/2015 | Biblios Book Point | 925.00 | 658.15 RAMF | PG013705 | 08/24/2022 | 04/26/2021 | Book | |||||
| M Com | St Aloysius PG Library | St Aloysius PG Library | 10/08/2015 | Biblios Book Point | 925.00 | 658.15 RAMF | PG013706 | 08/24/2022 | 04/26/2021 | Book | |||||
| M Com | St Aloysius PG Library | St Aloysius PG Library | 10/08/2015 | Biblios Book Point | 925.00 | 658.15 RAMF | PG013707 | 08/24/2022 | 04/26/2021 | Book | |||||
| M Com | St Aloysius PG Library | St Aloysius PG Library | 10/08/2015 | Biblios Book Point | 925.00 | 658.15 RAMF | PG013708 | 08/24/2022 | 04/26/2021 | Book |